[Event "National Open 2012"]
[Site "Las Vegas USA"]
[Date "2012.06.15"]
[Round "1"]
[White "Collyer, Curt D"]
[Black "Robson, Ray"]
[Result "1/2-1/2"]
[WhiteTitle "FM"]
[BlackTitle "GM"]
[WhiteElo "2298"]
[BlackElo "2614"]
[WhiteFideId "2020440"]
[BlackFideId "2023970"]
[EventDate "2012.06.15"]

1. d4 Nf6 2. c4 g6 3. Nc3 d5 4. Nf3 Bg7 5. Bg5 Ne4 6. cxd5 Nxg5 7. Nxg5 e6 8.
Nh3 exd5 9. Nf4 O-O 10. e3 c5 11. dxc5 d4 12. exd4 Bxd4 13. Be2 Nc6 14. O-O Qg5
15. g3 Rd8 16. Qa4 Qxc5 17. Rac1 Bf5 18. Ncd5 Qd6 19. Rcd1 Bxb2 20. Ne3 Qb4 21.
Qxb4 Nxb4 22. Nxf5 gxf5 23. Nd3 Nxd3 24. Rxd3 Rxd3 25. Bxd3 Rd8 26. Rd1 Kg7 27.
Bc2 Rxd1+ 28. Bxd1 Kf6 29. f4 b5 30. Kf2 Bd4+ 31. Kf3 a6 32. Bc2 h5 33. h3 a5
34. Bd3 b4 35. Bc2 Ke6 36. Bb3+ Ke7 37. Ke2 Bc3 38. Ke3 Be1 39. Kf3 f6 40. Bc2
Ke6 41. Ba4 Kd5 42. Be8 h4 43. gxh4 Bxh4 44. Bd7 Kd4 45. Bxf5 a4 46. Be6 Be1 47.
Kg4 Ke4 48. Bf5+ Ke3 49. Be6 Ke4 50. Bf5+ Ke3 51. Be6 Ke4 52. Bf5+ 1/2-1/2

[Event "National Open 2012"]
[Site "Las Vegas USA"]
[Date "2012.06.15"]
[Round "1"]
[White "Bykhovsky, Anatoly"]
[Black "Feinstein, Michael"]
[Result "1-0"]
[WhiteTitle "GM"]
[BlackTitle "FM"]
[WhiteElo "2516"]
[BlackElo "2245"]
[WhiteFideId "2806991"]
[BlackFideId "2018730"]
[EventDate "2012.06.15"]

1. d4 f5 2. c4 Nf6 3. g3 g6 4. Bg2 Bg7 5. Nf3 d6 6. O-O O-O 7. Nc3 Nc6 8. d5 Na5
9. Nd2 c5 10. Qc2 e5 11. dxe6 Bxe6 12. Rd1 Nc6 13. e3 Qe7 14. Nd5 Nxd5 15. cxd5
Nb4 16. Qb3 Bf7 17. a3 Nc6 18. h3 Qc7 19. Nf3 Na5 20. Qc2 h6 21. Bd2 Qb6 22. b4
cxb4 23. axb4 Rfc8 24. bxa5 Rxc2 25. axb6 Bxa1 26. Rxa1 a6 27. Bb4 Rb2 28. Bxd6
Bxd5 29. Bc5 Rc8 30. Bd4 Rb5 31. g4 f4 32. exf4 Rd8 33. Be3 a5 34. Nd4 Rxb6 35.
Rxa5 Rb1+ 36. Kh2 1-0

[Event "National Open 2012"]
[Site "Las Vegas USA"]
[Date "2012.06.15"]
[Round "1"]
[White "Salman, Nachum"]
[Black "Sevillano, Enrico"]
[Result "0-1"]
[WhiteTitle "FM"]
[BlackTitle "IM"]
[WhiteElo "2242"]
[BlackElo "2517"]
[WhiteFideId "2001764"]
[BlackFideId "5200156"]
[EventDate "2012.06.15"]

1. d4 Nf6 2. Nf3 e6 3. Nbd2 c5 4. e3 b6 5. c3 Bb7 6. Bd3 Be7 7. O-O O-O 8. Qe2
d6 9. Rd1 Qc7 10. e4 Nc6 11. e5 dxe5 12. dxe5 Nd7 13. Re1 Rfd8 14. Bc2 Nf8 15.
Nf1 Rd7 16. Bf4 Rad8 17. Bg3 Qc8 18. Be4 Na5 19. Bxb7 Qxb7 20. Ne3 Qe4 21. Rad1
g5 22. h3 h5 23. Rxd7 Rxd7 24. Rd1 Rxd1+ 25. Qxd1 Ng6 26. Nd2 Qd3 27. Qc1 b5 28.
Nf3 Nc6 29. Qc2 Qxc2 30. Nxc2 g4 31. hxg4 hxg4 32. Nd2 Ngxe5 33. Kf1 Nd3 34. b3
f5 35. Bc7 Bf6 36. c4 b4 37. Bd6 Be5 38. Bxe5 Ncxe5 39. a3 a5 40. axb4 axb4 41.
Ke2 Nf4+ 42. Kf1 Nc6 43. g3 Nd3 44. Ke2 Nde5 45. Ke3 Kf7 46. Ne1 Nd4 47. Nd3
Nxd3 48. Kxd3 e5 49. Ke3 Kf6 50. Kd3 e4+ 0-1

[Event "National Open 2012"]
[Site "Las Vegas USA"]
[Date "2012.06.15"]
[Round "1"]
[White "Shankland, Samuel L"]
[Black "Ortiz, Nadya Karolina"]
[Result "1/2-1/2"]
[WhiteTitle "GM"]
[BlackTitle "WGM"]
[WhiteElo "2581"]
[BlackElo "2250"]
[WhiteFideId "2004887"]
[BlackFideId "4401778"]
[EventDate "2012.06.15"]

1. d4 g6 2. Nf3 Bg7 3. c4 d6 4. Nc3 e5 5. Bg5 f6 6. Bh4 g5 7. Bg3 f5 8. h3 f4 9.
Bh2 exd4 10. Nxd4 Nc6 11. Nxc6 bxc6 12. e3 fxe3 13. Qh5+ Kf8 14. fxe3 Qe8 15.
Qf3+ Nf6 16. Bd3 Kg8 17. O-O g4 18. hxg4 Bxg4 19. Qf2 Bh5 20. Bf4 Bg6 21. Rad1
Bxd3 22. Rxd3 Qg6 23. Rdd1 Re8 24. Qf3 Ne4 25. Nxe4 Qxe4 26. b3 Qxf3 27. Rxf3 c5
28. Rd5 h6 29. Rh5 Kh7 30. Rfh3 Re6 31. Kf2 a5 32. g4 a4 33. Bxh6 Rxh6 34. Rxh6+
Bxh6 35. g5 Kg6 36. gxh6 axb3 37. axb3 Rxh6 38. Rg3+ Kf5 39. Ke2 Rh2+ 40. Kd3
Rb2 41. Kc3 Re2 42. Rg7 Rxe3+ 43. Kb2 Re2+ 44. Ka3 Ke4 45. Rxc7 Kd4 46. Rd7 Re6
47. Ka4 Kc3 48. Rh7 Re3 49. Rb7 Rd3 50. Rb6 Rd1 51. Ka5 Ra1+ 52. Kb5 Rd1 53. Kc6
Rd3 54. Kc7 d5 55. cxd5 Rxd5 56. Kc6 Rh5 57. Rb5 Rh6+ 58. Kd5 Rh5+ 59. Ke4 Rh4+ 1/2-1/2

[Event "National Open 2012"]
[Site "Las Vegas USA"]
[Date "2012.06.15"]
[Round "1"]
[White "Rubsamen, Cornelius"]
[Black "Ramirez, Alejandro"]
[Result "1/2-1/2"]
[BlackTitle "GM"]
[WhiteElo "2232"]
[BlackElo "2593"]
[WhiteFideId "2013851"]
[BlackFideId "6500617"]
[EventDate "2012.06.15"]

1. e4 c5 2. Nf3 e6 3. c3 Nf6 4. e5 Nd5 5. Bc4 Nb6 6. Bb3 d6 7. d4 cxd4 8. cxd4
dxe5 9. Nxe5 N8d7 10. O-O Nxe5 11. dxe5 Qxd1 12. Rxd1 Bd7 13. Nc3 Bc6 14. Be3
Nd7 15. f4 Bc5 16. Bxc5 Nxc5 17. Bc2 a5 18. a3 a4 19. Rd4 Ke7 20. Rad1 Ra5 21.
Kf2 h6 22. g3 Rc8 23. Ke3 g5 24. Ne4 Bxe4 25. Bxe4 Rb5 26. R1d2 gxf4+ 27. gxf4
Rb3+ 28. Bd3 Rd8 29. Rxd8 Kxd8 30. Kd4 b6 31. Bc2 Rh3 32. Kc4+ Kc7 33. Kb5 Rf3
34. Rd6 Rf2 35. Rc6+ Kd7 36. Kxb6 Rxc2 37. Rc7+ Kd8 38. Rxc5 Rxb2+ 39. Ka5 Rxh2
40. Kxa4 h5 41. Kb5 h4 42. a4 h3 43. a5 Rb2+ 44. Ka6 h2 45. Rc1 Ke7 46. Ka7 Kf8
47. a6 Kg7 48. Ka8 Kg6 49. a7 Kf5 50. Rb1 Rg2 51. Rh1 Kxf4 52. Kb7 Rb2+ 53. Kc6
Ra2 54. Rxh2 Rxa7 55. Kd6 Ra6+ 56. Ke7 Kxe5 57. Kxf7 Ra7+ 58. Kg6 Kd4 59. Rh4+
Kd5 60. Rh1 Ra4 61. Rh8 e5 62. Kg5 Ra1 63. Kg4 Ke4 64. Kg3 Ke3 65. Kg2 e4 66.
Re8 Rd1 67. Re7 Re1 68. Ra7 Rd1 69. Re7 Rd4 70. Kf1 Kd3 71. Ra7 e3 72. Ke1 Rc4
73. Rd7+ 1/2-1/2

[Event "National Open 2012"]
[Site "Las Vegas USA"]
[Date "2012.06.15"]
[Round "1"]
[White "Bachmann, Axel"]
[Black "Umezinwa, George"]
[Result "1-0"]
[WhiteTitle "GM"]
[WhiteElo "2566"]
[BlackElo "2242"]
[WhiteFideId "3700488"]
[BlackFideId "2004984"]
[EventDate "2012.06.15"]

1. e4 c5 2. Nc3 a6 3. Nf3 Nc6 4. d4 cxd4 5. Nxd4 d6 6. Be3 Nf6 7. h3 e5 8. Nde2
Be7 9. g4 Be6 10. Bg2 Rc8 11. Ng3 O-O 12. g5 Ne8 13. h4 Na5 14. Nd5 Bxd5 15.
exd5 f5 16. gxf6 Bxf6 17. Ne4 Nc4 18. Bc1 b5 19. Bh3 Rc7 20. b3 Nb6 21. Be3 Rb7
22. Qd3 Qe7 23. c4 bxc4 24. bxc4 Nd7 25. Qa3 Kh8 26. Qxa6 Nb8 27. Qa3 Bxh4 28.
c5 Ra7 29. Qd3 Ra4 30. Be6 dxc5 31. Nxc5 e4 32. Qe2 Ra3 33. Nb3 Qf6 34. Rc1 Bg5
35. Qh5 Bh6 36. Bd4 1-0

[Event "National Open 2012"]
[Site "Las Vegas USA"]
[Date "2012.06.15"]
[Round "1"]
[White "Molner, Mackenzie"]
[Black "Liu, Daniel"]
[Result "1-0"]
[WhiteTitle "IM"]
[WhiteElo "2489"]
[BlackElo "2105"]
[WhiteFideId "2021722"]
[BlackFideId "2054736"]
[EventDate "2012.06.15"]

1. e4 c5 2. Nf3 Nc6 3. d4 cxd4 4. Nxd4 g6 5. c4 Nf6 6. Nc3 d6 7. Be2 Nxd4 8.
Qxd4 Bg7 9. Be3 O-O 10. Qd2 a5 11. f3 a4 12. Rc1 Nd7 13. O-O Nc5 14. Rc2 Be6 15.
Rb1 f5 16. b4 axb3 17. axb3 fxe4 18. b4 exf3 19. Bxf3 Na4 20. Bd5 Qd7 21. Nb5
Rfc8 22. Re1 Be5 23. Bf2 Ra6 24. c5 Kg7 25. Bxe6 Qxe6 26. Bg3 Qf5 27. Bxe5+ dxe5
28. Qe2 Kg8 29. Qc4+ Qf7 30. Qxf7+ Kxf7 31. Rxe5 Re6 32. Rf2+ Rf6 33. Rfe2 Kf8
34. Rxe7 Nxc5 35. bxc5 Rxc5 36. Re8+ Kg7 37. R2e7+ Kh6 38. Nd4 b5 39. Nf3 Rb6
40. Rh8 1-0

[Event "National Open 2012"]
[Site "Las Vegas USA"]
[Date "2012.06.15"]
[Round "1"]
[White "Kaufman, Raymond"]
[Black "Schneider, Chad A."]
[Result "1-0"]
[WhiteTitle "IM"]
[WhiteElo "2336"]
[BlackElo "2137"]
[WhiteFideId "2015056"]
[BlackFideId "2013789"]
[EventDate "2012.06.15"]

1. Nf3 d5 2. d4 Nf6 3. c4 c6 4. e3 e6 5. Bd3 Nbd7 6. Nbd2 Bb4 7. O-O O-O 8. e4
dxe4 9. Nxe4 Nxe4 10. Bxe4 Nf6 11. Bc2 Re8 12. Bg5 Be7 13. Re1 b6 14. Ne5 Bb7
15. Bxf6 Bxf6 16. Bxh7+ Kf8 17. Be4 Qc7 18. Qh5 Rad8 19. Rad1 Rd6 20. Re3 Rxd4
21. Rxd4 Bxe5 22. Rd1 Bxb2 23. Red3 Bc8 24. Rd6 g6 25. Qh6+ Bg7 26. Qh7 Be5 27.
Bxc6 Bxd6 28. Qh8+ Ke7 29. Qxe8+ Kf6 30. g3 a5 31. Rxd6 1-0

[Event "National Open 2012"]
[Site "Las Vegas USA"]
[Date "2012.06.15"]
[Round "1"]
[White "Gutman, Joshua"]
[Black "Foisor, Sabina-Francesca"]
[Result "1-0"]
[BlackTitle "WGM"]
[WhiteElo "2110"]
[BlackElo "2364"]
[WhiteFideId "2025680"]
[BlackFideId "1212915"]
[EventDate "2012.06.15"]

1. d4 d5 2. c4 c6 3. Nf3 Nf6 4. Nc3 a6 5. cxd5 cxd5 6. Bf4 Nc6 7. Rc1 Bf5 8. e3
e6 9. Qb3 Bd6 10. Qxb7 Na5 11. Qxa8 Qxa8 12. Bxd6 Nc4 13. Bxc4 dxc4 14. O-O Nd5
15. Ne5 f6 16. Nf3 Kf7 17. Nd2 Rd8 18. Ba3 Bd3 19. Rfe1 Qb8 20. Nxd5 exd5 21.
Rc3 Qb5 22. Rec1 h5 23. b3 cxb3 24. Rxb3 Qa4 25. Rxd3 Rc8 26. Rxc8 Qd1+ 27. Nf1
Qxd3 28. Bc5 Qb1 29. Rc7+ Kg8 30. a3 h4 31. h3 Qd1 32. Rb7 a5 33. Ra7 a4 34. Rb7
Qc1 35. Rd7 Qc4 36. g3 g5 37. gxh4 gxh4 38. Rd6 Kg7 39. Nh2 f5 40. Nf3 f4 41.
Nxh4 Qd3 42. Rxd5 Qb1+ 43. Kh2 Qf1 44. Rg5+ Kh6 45. exf4 Qxf2+ 46. Ng2 Qc2 47.
Bd6 Qc6 48. Be5 Qe6 49. f5 Qc8 50. Rg6+ Kh7 51. Rg7+ Kh6 52. f6 Qf8 53. Bf4+ Kh5
54. Rg5+ Kh6 55. Rg3+ Kh7 56. Be5 Qc8 57. Nh4 Qc2+ 58. Rg2 Qd3 59. f7 Qxa3 60.
Ng6 1-0

[Event "National Open 2012"]
[Site "Las Vegas USA"]
[Date "2012.06.15"]
[Round "1"]
[White "Bradford, Joseph M"]
[Black "West, Vanessa A."]
[Result "1/2-1/2"]
[WhiteTitle "IM"]
[WhiteElo "2380"]
[BlackElo "2045"]
[WhiteFideId "2000539"]
[BlackFideId "2021145"]
[EventDate "2012.06.15"]

1. Nf3 Nf6 2. c4 g6 3. Nc3 Bg7 4. e4 c5 5. d4 cxd4 6. Nxd4 d6 7. Be2 O-O 8. Be3
b6 9. Qd2 Bb7 10. Bh6 Nxe4 11. Nxe4 Bxe4 12. Bxg7 Kxg7 13. h4 h5 14. f3 e5 15.
Nb5 Bc6 16. Nxd6 Qf6 17. O-O-O Na6 18. Qg5 Nc5 19. Qxf6+ Kxf6 20. Rd2 Ne6 21.
Bd3 Ke7 22. Be4 Bxe4 23. Nxe4 Rfd8 24. Rhd1 Rd4 25. b3 Rad8 26. Rxd4 Nxd4 27.
Re1 Nf5 28. Rh1 Ne3 29. Rg1 f5 30. Nc3 Ke6 31. Nd1 Nxd1 32. Rxd1 Re8 33. Rd5 Rg8
34. Kd1 g5 35. hxg5 Rxg5 36. Rd2 e4 37. fxe4 fxe4 38. Ke1 h4 39. Kf2 Rg3 40. Re2
Kf5 41. Re3 Rg4 42. b4 Ke5 43. c5 bxc5 44. bxc5 Kd4 45. Ra3 Rg7 46. c6 Rc7 47.
Ra6 Kd3 48. Ke1 Rg7 49. Ra3+ Kd4 50. Kf2 Rc7 1/2-1/2

[Event "National Open 2012"]
[Site "Las Vegas USA"]
[Date "2012.06.15"]
[Round "1"]
[White "Formanek, Edward W"]
[Black "Zierk, Steven C"]
[Result "0-1"]
[WhiteTitle "IM"]
[BlackTitle "IM"]
[WhiteElo "2157"]
[BlackElo "2483"]
[WhiteFideId "2001640"]
[BlackFideId "2034255"]
[EventDate "2012.06.15"]

1. d4 d5 2. c4 c6 3. Nf3 Nf6 4. Nc3 dxc4 5. a4 Bf5 6. e3 e6 7. Bxc4 Nbd7 8. O-O
Bb4 9. Qe2 O-O 10. Nh4 Bg4 11. f3 Nd5 12. fxg4 Qxh4 13. g3 Qe7 14. Na2 Bd6 15.
e4 N5b6 16. Bb3 e5 17. a5 Nc8 18. d5 Bc5+ 19. Kg2 Nd6 20. a6 Rab8 21. Nc3 Bd4
22. axb7 Nc5 23. Ba2 Qxb7 24. dxc6 Qxc6 25. Bd5 Qd7 26. Ra3 Rb6 27. g5 Rfb8 28.
h4 Nb3 29. Rxb3 Rxb3 30. Bxb3 Rxb3 31. Qc2 Qb7 32. Re1 Qb4 33. Rd1 Qc4 34. Qd3
Qxd3 35. Rxd3 Nc4 36. Kf3 Kf8 37. Kg4 Ke8 38. Rf3 Bxc3 39. Rd3 a5 40. bxc3 a4
41. h5 Rb1 42. g6 hxg6 43. h6 gxh6 44. Bxh6 a3 45. Bg5 f6 0-1

[Event "National Open 2012"]
[Site "Las Vegas USA"]
[Date "2012.06.15"]
[Round "1"]
[White "Diamant, Andre"]
[Black "Xia, Yusheng"]
[Result "1-0"]
[WhiteTitle "GM"]
[WhiteElo "2472"]
[BlackElo "2079"]
[WhiteFideId "2108356"]
[BlackFideId "2056771"]
[EventDate "2012.06.15"]

1. e4 e6 2. d4 d5 3. Nd2 Nf6 4. e5 Nfd7 5. Ngf3 c5 6. c3 Nc6 7. Bd3 cxd4 8. cxd4
f6 9. exf6 Nxf6 10. O-O Bd6 11. b3 O-O 12. Bb2 Bd7 13. Rc1 Rc8 14. Qe2 Nh5 15.
g3 g6 16. Rfe1 Ng7 17. a3 a5 18. Bb5 Qe7 19. a4 Bb4 20. Kg2 Nf5 21. Red1 Nd6 22.
Bd3 Rf7 23. Ne5 Nxe5 24. Rxc8+ Bxc8 25. Qxe5 Bd7 26. Qe3 Nf5 27. Qe2 Rf8 28. Nf3
Ng7 29. Bc1 Rc8 30. Bg5 Qe8 31. Ne5 Rc3 32. Rb1 Nf5 33. Ng4 Be7 34. Bxe7 Qxe7
35. Bxf5 gxf5 36. Ne5 Be8 37. Qd2 Qc7 38. Qg5+ Qg7 39. Qd8 Qf8 40. Qxa5 Rc2 41.
Qe1 f4 42. Rc1 Qf5 43. Rxc2 Qxc2 44. Nf3 Bf7 45. Qd2 Qxb3 46. Qxf4 Qxa4 47. Qb8+
Kg7 48. Qxb7 Kf6 49. Qb8 Bg6 50. Qf8+ 1-0

[Event "National Open 2012"]
[Site "Las Vegas USA"]
[Date "2012.06.15"]
[Round "1"]
[White "Yanayt, Eugene"]
[Black "Helfst, Matt D"]
[Result "1-0"]
[WhiteTitle "FM"]
[WhiteElo "2242"]
[BlackElo "1930"]
[WhiteFideId "2020165"]
[BlackFideId "2044102"]
[EventDate "2012.06.15"]

1. d4 d5 2. c4 e6 3. Nf3 Nf6 4. g3 Nbd7 5. Bg2 Bd6 6. O-O O-O 7. Qc2 b6 8. cxd5
exd5 9. Nc3 c6 10. e4 dxe4 11. Ng5 Ba6 12. Re1 Bd3 13. Qb3 c5 14. Ncxe4 Bxe4 15.
Nxe4 Nxe4 16. Rxe4 Rc8 17. Rg4 Kh8 18. Be3 f5 19. Rh4 f4 20. Bd2 cxd4 21. Qd3 h6
22. Re1 fxg3 23. fxg3 Ne5 24. Qe2 d3 25. Qd1 Qc7 26. Bxh6 gxh6 27. Rxh6+ Kg7 28.
Qh5 Qc5+ 29. Kh1 Rh8 30. Qg5+ Kf7 31. Rf1+ Ke8 32. Rxh8+ Kd7 33. Rh7+ Be7 34.
Bh3+ Kc6 35. Rxe7 Qd5+ 36. Bg2 Qxg2+ 1-0

[Event "National Open 2012"]
[Site "Las Vegas USA"]
[Date "2012.06.15"]
[Round "1"]
[White "Brown, Michael William"]
[Black "Lucente, Mike"]
[Result "1-0"]
[WhiteElo "2224"]
[BlackElo "2046"]
[WhiteFideId "2037602"]
[BlackFideId "2035065"]
[EventDate "2012.06.15"]

1. d4 d6 2. Nf3 Bg4 3. c4 Nd7 4. e4 c5 5. Be2 Qb6 6. d5 g6 7. O-O Ngf6 8. Nc3
Bg7 9. Ne1 Bxe2 10. Qxe2 O-O 11. f4 Ne8 12. Nf3 Qc7 13. Bd2 a6 14. Rae1 f6 15.
h4 h6 16. Qf2 Qb8 17. Qg3 f5 18. Qxg6 Rf6 19. Qg3 Kh7 1-0

[Event "National Open 2012"]
[Site "Las Vegas USA"]
[Date "2012.06.15"]
[Round "1"]
[White "Thomas, Kenneth P"]
[Black "Raptis, Nick"]
[Result "0-1"]
[BlackTitle "FM"]
[WhiteElo "2073"]
[BlackElo "2268"]
[WhiteFideId "2022761"]
[BlackFideId "2016850"]
[EventDate "2012.06.15"]

1. e4 e6 2. d4 d5 3. e5 c5 4. c3 Nc6 5. Nf3 Nge7 6. Bh6 gxh6 7. a3 Bg7 8. Bd3
Qb6 9. b4 cxd4 10. cxd4 Bd7 11. Nbd2 Nxd4 12. Nxd4 Qxd4 13. Nf3 Qc3+ 14. Kf1 Rc8
15. g3 Bxe5 16. Nxe5 Qxe5 17. Kg2 O-O 18. Re1 Qg7 19. Qe2 Rc7 20. b5 Rfc8 21.
Qe3 b6 22. Rac1 Rc3 23. Rxc3 Qxc3 24. Rd1 Kg7 25. Qf3 Qf6 26. Qg4+ Qg5 27. Qb4
e5 28. Qb2 Qf6 29. Qd2 Be6 30. Rc1 Qg5 31. Qe3 Qxe3 32. Be4 0-1

[Event "National Open 2012"]
[Site "Las Vegas USA"]
[Date "2012.06.15"]
[Round "1"]
[White "Graves, Peter2"]
[Black "Gareev, Timur"]
[Result "0-1"]
[BlackTitle "GM"]
[WhiteElo "2170"]
[BlackElo "2654"]
[WhiteFideId "2040107"]
[BlackFideId "14200937"]
[EventDate "2012.06.15"]

1. Nf3 d5 2. d4 Nf6 3. c4 c6 4. cxd5 cxd5 5. Nc3 Nc6 6. Bf4 Bf5 7. e3 e6 8. Qb3
Bb4 9. Bb5 Qa5 10. O-O Rc8 11. Rac1 O-O 12. h3 a6 13. Be2 Na7 14. a3 Bxc3 15.
Qxb7 Nb5 16. bxc3 Ne4 17. Nh4 Nexc3 18. Rxc3 Nxc3 19. Bxa6 Ra8 20. Nxf5 Qxa6 21.
Ne7+ Kh8 0-1

[Event "National Open 2012"]
[Site "Las Vegas USA"]
[Date "2012.06.15"]
[Round "1"]
[White "Lenderman, Aleksandr"]
[Black "Toolin, Christopher"]
[Result "1-0"]
[WhiteTitle "GM"]
[WhiteElo "2587"]
[BlackElo "2165"]
[WhiteFideId "2021285"]
[BlackFideId "2024543"]
[EventDate "2012.06.15"]

1. d4 d5 2. c4 e6 3. Nc3 Nf6 4. cxd5 exd5 5. Bg5 c6 6. Qc2 Be7 7. e3 O-O 8. Bd3
h6 9. Bh4 Be6 10. Nge2 Ne8 11. Bxe7 Qxe7 12. O-O Nd7 13. f3 c5 14. dxc5 Qxc5 15.
Nd4 Nd6 16. b3 Rac8 17. Rac1 Ne5 18. Rfd1 a6 19. Bf1 Nc6 20. Nce2 Qb6 21. Qd2
Rfd8 22. g4 a5 23. Kg2 a4 24. Nxe6 fxe6 25. Nf4 Re8 26. bxa4 Ra8 27. Rb1 Qa5 28.
e4 d4 29. Bb5 e5 30. Nd5 Qd8 31. Rdc1 h5 32. g5 Rf8 33. Nb6 Qxb6 34. Bxc6 Qd8
35. Bxb7 Nxb7 36. Rxb7 Rf4 37. h4 Rc8 38. Kg3 Qf8 39. Rb3 Ra8 40. a5 Kh7 41. Rc7
Qd6 42. Rbb7 Rg8 43. Qb4 Qe6 44. Qb3 Qa6 45. Rb6 1-0

[Event "National Open 2012"]
[Site "Las Vegas USA"]
[Date "2012.06.15"]
[Round "1"]
[White "Hansen, Eric"]
[Black "Mc Entee, Tim R."]
[Result "1-0"]
[WhiteTitle "IM"]
[WhiteElo "2454"]
[BlackElo "2166"]
[WhiteFideId "2606771"]
[BlackFideId "2022770"]
[EventDate "2012.06.15"]

1. e4 c5 2. Nf3 d6 3. d4 cxd4 4. Nxd4 Nf6 5. Nc3 a6 6. Be2 e5 7. Nb3 Be6 8. O-O
Be7 9. Be3 O-O 10. Nd5 Nxd5 11. exd5 Bf5 12. Qd2 Nd7 13. Na5 Qc7 14. c4 Bg6 15.
b4 f5 16. f4 b6 17. Nc6 Bf6 18. Rac1 Rfe8 19. Kh1 Kh8 20. Bd3 e4 21. Be2 a5 22.
bxa5 bxa5 23. Rb1 a4 24. Rb4 Nc5 25. Rfb1 Rec8 26. Rb6 Be8 27. Bxc5 dxc5 28. d6
Qxc6 29. Rxc6 Bxc6 30. Qe3 Bd4 31. Qh3 g6 32. Rd1 Rd8 33. Qa3 Rac8 34. h4 Kg7
35. Rxd4 cxd4 36. c5 d3 37. Bd1 Kh6 38. Qc3 Bb5 39. g4 fxg4 40. Bxg4 Bd7 41. f5
Rg8 42. Qd2+ g5 43. hxg5+ Rxg5 44. Qh2+ Kg7 45. f6+ Kg6 46. Bxd7 Rcxc5 47. Qf4
Kf7 48. Qxe4 Kxf6 49. Qe7+ Kg6 50. Be8+ Kf5 51. d7 1-0

[Event "National Open 2012"]
[Site "Las Vegas USA"]
[Date "2012.06.15"]
[Round "1"]
[White "Karagianis, Pete"]
[Black "Kekelidze, Mikheil"]
[Result "0-1"]
[BlackTitle "GM"]
[WhiteElo "2183"]
[BlackElo "2494"]
[WhiteFideId "2022753"]
[BlackFideId "13600818"]
[EventDate "2012.06.15"]

1. d4 Nf6 2. c4 e6 3. Nf3 c5 4. d5 b5 5. Bf4 b4 6. Qc2 d6 7. e4 e5 8. Bd2 a5 9.
a3 Na6 10. g3 g6 11. Bg2 Bg7 12. O-O O-O 13. Nh4 Ne8 14. Qc1 f5 15. exf5 gxf5
16. Bg5 Qb6 17. Bh6 Ra7 18. Qg5 Rf6 19. Bxg7 Rxg7 20. Qh5 Rff7 21. Bh3 Nf6 22.
Qe2 Ng4 23. f3 Nh6 24. Nd2 a4 25. Ne4 Qd8 26. Qd2 Qxh4 27. Nxd6 0-1

[Event "National Open 2012"]
[Site "Las Vegas USA"]
[Date "2012.06.15"]
[Round "2"]
[White "Kavutskiy, Konstantin"]
[Black "Lenderman, Aleksandr"]
[Result "0-1"]
[WhiteTitle "FM"]
[BlackTitle "GM"]
[WhiteElo "2280"]
[BlackElo "2587"]
[WhiteFideId "2026384"]
[BlackFideId "2021285"]
[EventDate "2012.06.15"]

1. d4 g6 2. Nf3 Bg7 3. c4 d6 4. Nc3 Bg4 5. e3 Nf6 6. Be2 O-O 7. O-O c6 8. b3 Qc7
9. Bb2 Re8 10. Qc2 e5 11. dxe5 dxe5 12. h3 Bf5 13. e4 Bc8 14. c5 Qe7 15. b4 Nh5
16. Nd1 b6 17. Re1 Nf4 18. Bf1 bxc5 19. bxc5 Na6 20. Ne3 Qxc5 21. Nc4 Be6 22.
Qa4 Qb5 23. Qxb5 cxb5 24. Nd6 Red8 25. Nxb5 f6 26. Rac1 Nd3 27. Bxd3 Rxd3 28.
Nc7 Nxc7 29. Rxc7 a5 30. Re7 Bxa2 31. Rc1 Bf8 32. Rec7 a4 33. Nh2 Bd6 34. Rb7
Be6 35. Ng4 Bxg4 36. hxg4 a3 37. Ba1 a2 38. Kh2 Bf8 39. g5 fxg5 40. Bxe5 Bd6 41.
Bxd6 Rxd6 42. e5 Re6 43. Ra1 Rxe5 44. Rb2 Rea5 45. Re2 Ra4 46. f3 Kf7 47. Kg3
Kf6 48. Kh2 h5 49. Kh3 Ra3 50. Kh2 R8a5 51. Re4 R5a4 52. Re2 Kf5 53. Re8 g4 54.
fxg4+ Kxg4 55. Re2 g5 56. Rd2 Kh4 57. Re2 g4 58. Kg1 Kg3 0-1

[Event "National Open 2012"]
[Site "Las Vegas USA"]
[Date "2012.06.15"]
[Round "2"]
[White "Kekelidze, Mikheil"]
[Black "Brown, Michael William"]
[Result "1-0"]
[WhiteTitle "GM"]
[WhiteElo "2494"]
[BlackElo "2224"]
[WhiteFideId "13600818"]
[BlackFideId "2037602"]
[EventDate "2012.06.15"]

1. d4 d5 2. c4 dxc4 3. Nf3 Nf6 4. Qa4+ c6 5. Qxc4 Bf5 6. Nc3 e6 7. g3 Nbd7 8.
Bg2 Be7 9. Qb3 Qb6 10. Nd2 h6 11. Nc4 Qxb3 12. axb3 a6 13. Bf4 O-O 14. Nd6 Bxd6
15. Bxd6 Rfc8 16. e4 Bh7 17. O-O Ne8 18. Be7 Rc7 19. f4 Ndf6 20. Bb4 Rd7 21. Bc5
b6 22. Bxb6 Rb7 23. Bc5 Rxb3 24. Rf2 a5 25. h3 Nc7 26. g4 Nb5 27. Nxb5 Rxb5 28.
f5 Rab8 29. Ra2 exf5 30. gxf5 Re8 31. e5 Nd5 32. Bf1 Rb3 33. Rxa5 g5 34. Ra3
Rxa3 35. bxa3 Nf4 36. a4 Bxf5 37. a5 Ra8 38. a6 Bxh3 39. Rxf4 gxf4 40. Bxh3 Rxa6
41. Kf2 Kg7 42. Kf3 Kg6 43. Kxf4 Ra2 44. Bf5+ Kh5 45. Bd7 Rf2+ 46. Ke3 Rf1 47.
Bxc6 Kg4 48. d5 Re1+ 49. Kd4 Kf4 50. Bd6 Rd1+ 51. Kc5 Kf5 52. Bc7 h5 53. Kd6 h4
54. Ke7 Rc1 55. Kxf7 h3 56. e6 Kg4 57. e7 Rf1+ 58. Kg7 1-0

[Event "National Open 2012"]
[Site "Las Vegas USA"]
[Date "2012.06.15"]
[Round "2"]
[White "Sharma, Arun"]
[Black "Bachmann, Axel"]
[Result "1/2-1/2"]
[BlackTitle "GM"]
[WhiteElo "2331"]
[BlackElo "2566"]
[WhiteFideId "2008998"]
[BlackFideId "3700488"]
[EventDate "2012.06.15"]

1. d4 Nf6 2. c4 g6 3. f3 Bg7 4. e4 d6 5. Nc3 O-O 6. Be3 e5 7. d5 Nh5 8. Qd2 a5
9. O-O-O f5 10. Bd3 Na6 11. Nge2 f4 12. Bf2 Bd7 13. Kb1 b6 14. Nc1 Bf6 15. Be2
Bh4 16. Bg1 Rf7 17. Nd3 Qg5 1/2-1/2

[Event "National Open 2012"]
[Site "Las Vegas USA"]
[Date "2012.06.15"]
[Round "2"]
[White "Perunovic, Milos"]
[Black "Belakovskaia, Anjelina"]
[Result "1-0"]
[WhiteTitle "GM"]
[BlackTitle "WGM"]
[WhiteElo "2577"]
[BlackElo "2267"]
[WhiteFideId "921629"]
[BlackFideId "2008599"]
[EventDate "2012.06.15"]

1. e4 b6 2. d4 Bb7 3. Bd3 e6 4. Nf3 c5 5. Nc3 cxd4 6. Nxd4 Nc6 7. Nxc6 Bxc6 8.
Qe2 Nf6 9. O-O d5 10. Bg5 dxe4 11. Bxe4 Qc7 12. Bxf6 gxf6 13. Rad1 Rc8 14. Nb5
Qb7 15. Bxc6+ Rxc6 16. Qf3 Rg8 17. Rd6 Rc7 18. Nxc7+ Qxc7 19. Qa8+ Ke7 20. Rfd1
f5 21. Rc6 1-0